Bharata muni: Indian tradition of communication 1 (Record no. 166739)
[ view plain ]
| 000 -LEADER | |
|---|---|
| fixed length control field | 00676nam a2200205Ia 4500 |
| 003 - CONTROL NUMBER IDENTIFIER | |
| control field | OSt |
| 005 - DATE AND TIME OF LATEST TRANSACTION | |
| control field | 20230518151532.0 |
| 008 - FIXED-LENGTH DATA ELEMENTS--GENERAL INFORMATION | |
| fixed length control field | 210423s2014 xx 000 0 und d |
| 040 ## - CATALOGING SOURCE | |
| Transcribing agency | AL |
| 082 ## - DEWEY DECIMAL CLASSIFICATION NUMBER | |
| Classification number | 302.222 |
| Edition number | 23 |
| Item number | ADHI |
| 100 ## - MAIN ENTRY--PERSONAL NAME | |
| Personal name | ADHIKARY (Nirmala Mani) |
| 9 (RLIN) | 63979 |
| 245 ## - TITLE STATEMENT | |
| Title | Bharata muni: Indian tradition of communication 1 |
| Remainder of title | Theory and practice of communication |
| 260 ## - PUBLICATION, DISTRIBUTION, ETC. | |
| Place of publication, distribution, etc. | Bhopal |
| Name of publisher, distributor, etc. | Makhanlal Chaturvedi National University |
| Date of publication, distribution, etc. | 2014 |
| 300 ## - PHYSICAL DESCRIPTION | |
| Extent | xii,403 |
| Other physical details | PB |
| 365 ## - TRADE PRICE | |
| Price amount | 375 |
| Currency code | INR |
| 650 ## - SUBJECT ADDED ENTRY--TOPICAL TERM | |
| Topical term or geographic name entry element | Communication |
| 9 (RLIN) | 63980 |
| 650 ## - SUBJECT ADDED ENTRY--TOPICAL TERM | |
| Topical term or geographic name entry element | Social Interaction |
| 9 (RLIN) | 63981 |
| 906 ## - LOCAL DATA ELEMENT F, LDF (RLIN) | |
| a | Bharata ; communication ; Indian ; muni: ; practice ; theory ; tradition |
| 942 ## - ADDED ENTRY ELEMENTS (KOHA) | |
| Source of classification or shelving scheme | Dewey Decimal Classification |
| Koha item type | Book |
| Withdrawn status | Lost status | Damaged status | Not for loan | Collection code | Home library | Current library | Date acquired | Source of acquisition | Cost, normal purchase price | Total Checkouts | Full call number | Barcode | Date last seen | Price effective from | Koha item type | Date last checked out |
|---|---|---|---|---|---|---|---|---|---|---|---|---|---|---|---|---|
| MAJMC | St Aloysius PG Library | St Aloysius PG Library | 03/24/2015 | Biblios Book Point | 375.00 | 302.222 ADHI | PG013240 | 08/24/2022 | 04/26/2021 | Book | ||||||
| MAJMC | St Aloysius PG Library | St Aloysius PG Library | 03/24/2015 | Biblios Book Point | 375.00 | 302.222 ADHI | PG013241 | 08/24/2022 | 04/26/2021 | Book | ||||||
| MAJMC | St Aloysius PG Library | St Aloysius PG Library | 03/24/2015 | Biblios Book Point | 375.00 | 1 | 302.222 ADHI | PG013242 | 12/08/2023 | 04/26/2021 | Book | 07/21/2023 |